[Event "XXIII Festival Magistrale"]
[Site "Robecchetto con Induno ITA"]
[Date "2012.12.27"]
[Round "1"]
[White "Bargeri, Ludovico"]
[Black "Bardone, Lorenzo"]
[Result "1-0"]
[WhiteElo "2010"]
[BlackElo "1924"]
[PlyCount "65"]
[EventDate "2012.12.27"]

1. d4 d5 2. c4 c6 3. Nf3 Nf6 4. Qc2 dxc4 5. Qxc4 Be6 6. Qc2 g6 7. Nc3 Bg7 8. e4
O-O 9. Be2 Bg4 10. Be3 Nbd7 11. O-O Rc8 12. Rfd1 Qc7 13. Rac1 Nb6 14. h3 Bxf3
15. Bxf3 Rfd8 16. Qb3 Nfd7 17. e5 c5 18. Nb5 c4 19. Qa3 Qb8 20. Nxa7 Rc7 21.
Nb5 Rcc8 22. Qxe7 Bf8 23. Qh4 Qa8 24. Nc3 Qa6 25. Bg4 Re8 26. a3 Rc7 27. Qg3
Rec8 28. h4 Rd8 29. h5 Na4 30. Nxa4 Qxa4 31. hxg6 hxg6 32. Qh3 Bg7 33. Bg5 1-0

[Event "XXIII Festival Magistrale"]
[Site "Robecchetto con Induno ITA"]
[Date "2012.12.27"]
[Round "1"]
[White "Barlocco, Carlo"]
[Black "Di Chiara, Mauro"]
[Result "1/2-1/2"]
[WhiteElo "2077"]
[BlackElo "1962"]
[PlyCount "121"]
[EventDate "2012.12.27"]

1. c4 g6 2. Nc3 Bg7 3. g3 d6 4. Bg2 Nf6 5. e4 O-O 6. Nge2 e5 7. O-O Nc6 8. h3
Nd7 9. d3 Nc5 10. Rb1 Ne6 11. b4 Ncd4 12. Nxd4 Nxd4 13. Be3 c6 14. Qd2 Bxh3 15.
Bxd4 Bxg2 16. Kxg2 exd4 17. Ne2 f5 18. b5 Qe7 19. f3 fxe4 20. dxe4 Qe5 21. bxc6
bxc6 22. Nc1 Rab8 23. Nd3 Qf6 24. Rbc1 c5 25. Qa5 Rb7 26. Rc2 Rfb8 27. Qa3 Qf7
28. Nf4 Rb1 29. Rxb1 Rxb1 30. Nd5 Qb7 31. Qa4 Kf7 32. Qa5 d3 33. Rd2 Rb2 34.
Kh3 Rxd2 35. Qxd2 Qb1 36. g4 Qh1+ 37. Kg3 Qg1+ 38. Kh3 Qf1+ 39. Kg3 Be5+ 40. f4
Bd4 41. Ne3 Qe2 42. Qxe2 dxe2 43. Ng2 Bc3 44. Kf2 e1=Q+ 45. Nxe1 Bxe1+ 46. Kxe1
h5 47. gxh5 gxh5 48. Kf2 Kg6 49. Kg3 a6 50. a3 a5 51. a4 Kf6 52. Kh3 Kg7 53. f5
Kh7 54. Kg3 Kg7 55. Kf3 Kf7 56. Kf2 Kf6 57. Kg2 Kg7 58. Kg3 Kh7 59. Kf4 Kh6 60.
Kf3 Kg7 61. Kg3 1/2-1/2

[Event "XXIII Festival Magistrale"]
[Site "Robecchetto con Induno ITA"]
[Date "2012.12.27"]
[Round "1"]
[White "Bianchi, Alberto"]
[Black "Damia, Angelo"]
[Result "0-1"]
[WhiteElo "1977"]
[BlackElo "2281"]
[PlyCount "112"]
[EventDate "2012.12.27"]

1. e4 Nf6 2. Nc3 d6 3. d4 e5 4. dxe5 dxe5 5. Qxd8+ Kxd8 6. Bg5 Be6 7. O-O-O+
Nbd7 8. f4 exf4 9. e5 h6 10. Bxf6+ gxf6 11. exf6 Bc5 12. Nf3 Re8 13. Be2 Kc8
14. Nd2 Nxf6 15. Bf3 c6 16. Nde4 Be3+ 17. Kb1 Nxe4 18. Nxe4 Kc7 19. Nf6 Red8
20. Ng4 Rxd1+ 21. Rxd1 f5 22. Ne5 Rg8 23. c4 Re8 24. b3 a5 25. Kc2 a4 26. h4
axb3+ 27. axb3 Ra8 28. Kb2 c5 29. Ng6 Bd4+ 30. Kb1 Ra1+ 31. Kc2 Ra2+ 32. Kc1
Rf2 33. Re1 Be3+ 34. Kb1 Bd7 35. Ne7 Bd4 36. Re2 Rf1+ 37. Kc2 b5 38. Nd5+ Kd6
39. Nb6 Bc6 40. Bxc6 Kxc6 41. Re6+ Kb7 42. cxb5 Rf2+ 43. Kd3 Rxg2 44. Nd5 f3
45. Re7+ Kc8 46. Re1 f2 47. Rf1 Rg3+ 48. Ke2 Kd7 49. Nb6+ Kc7 50. Nc4 Rxb3 51.
b6+ Kb8 52. Nd6 Re3+ 53. Kd2 Re1 54. Rxe1 Bc3+ 55. Kxc3 fxe1=Q+ 56. Kc4 Qxh4+
0-1

[Event "XXIII Festival Magistrale"]
[Site "Robecchetto con Induno ITA"]
[Date "2012.12.27"]
[Round "1"]
[White "Boschetti, Claudio"]
[Black "Marinone, Lucio"]
[Result "1-0"]
[WhiteElo "2138"]
[BlackElo "1977"]
[PlyCount "81"]
[EventDate "2012.12.27"]

1. e4 c5 2. d4 cxd4 3. c3 Nf6 4. e5 Nd5 5. Nf3 e6 6. cxd4 Nc6 7. a3 d6 8. Bd3
dxe5 9. dxe5 Bd7 10. O-O Rc8 11. Qe2 Be7 12. Bd2 Na5 13. Nc3 Nxc3 14. Bxc3 Nb3
15. Rad1 Qb6 16. Bc4 Ba4 17. Nd4 O-O 18. Nxb3 Bxb3 19. Bxb3 Qxb3 20. Rd3 Qb5
21. Re1 h6 22. Qd1 Rfd8 23. Ree3 Rxd3 24. Rxd3 Bg5 25. g3 Qe8 26. f4 Be7 27.
Qf3 Rd8 28. Rxd8 Qxd8 29. Kg2 Qb6 30. Qe4 Qb5 31. g4 Qb3 32. Qd3 Qa4 33. Qf3
Qb3 34. Kg3 g5 35. f5 exf5 36. gxf5 Bc5 37. Qd3 Bb6 38. e6 fxe6 39. Qd7 e5 40.
Qe8+ Kh7 41. Qxe5 1-0

[Event "XXIII Festival Magistrale"]
[Site "Robecchetto con Induno ITA"]
[Date "2012.12.27"]
[Round "1"]
[White "Lucchese, Paolo"]
[Black "Santeramo, Domenico"]
[Result "0-1"]
[WhiteElo "1958"]
[BlackElo "2069"]
[PlyCount "94"]
[EventDate "2012.12.27"]

1. e4 c5 2. Nf3 Nc6 3. d4 cxd4 4. Nxd4 e6 5. Nxc6 bxc6 6. Bd3 d5 7. Nd2 Qc7 8.
Qe2 Nf6 9. e5 Nd7 10. Nf3 Nc5 11. Be3 Nxd3+ 12. Qxd3 a5 13. c3 Ba6 14. Qc2 Rb8
15. Nd4 Be7 16. f4 O-O 17. Kf2 c5 18. Nf3 Rfc8 19. Rhc1 Qb7 20. b3 d4 21. Bd2
d3 22. Qd1 c4 23. Rcb1 Bc5+ 24. Kg3 Qe4 25. h3 Qg6+ 26. Kh2 Bf2 27. Qf1 Qg3+
28. Kh1 Bb7 29. Be1 Bxe1 30. Rxe1 Bxf3 31. Qxf3 Qxf3 32. gxf3 cxb3 33. axb3
Rxb3 34. Rxa5 Rbxc3 35. Kg2 Rc2+ 36. Kg3 h6 37. Ra3 d2 38. Rd1 Rd8 39. Kf2 Rc1
40. Ke2 Rxd1 41. Kxd1 Kh7 42. Ra7 Kg6 43. h4 h5 44. Re7 Rd3 45. f5+ exf5 46. e6
fxe6 47. Rxe6+ Kf7 0-1

[Event "XXIII Festival Magistrale"]
[Site "Robecchetto con Induno ITA"]
[Date "2012.12.27"]
[Round "1"]
[White "Montilli, Vincenzo"]
[Black "Siclari, Giovanni"]
[Result "1/2-1/2"]
[WhiteElo "1909"]
[BlackElo "2007"]
[PlyCount "119"]
[EventDate "2012.12.27"]

1. d4 Nf6 2. c4 e6 3. Nc3 Bb4 4. Qc2 O-O 5. a3 Bxc3+ 6. Qxc3 b6 7. Bg5 Bb7 8.
e3 d6 9. Nf3 Nbd7 10. Be2 Rc8 11. O-O Ne4 12. Bxd8 Nxc3 13. bxc3 Rfxd8 14. Nd2
a5 15. Rfd1 e5 16. Bg4 g6 17. Bxd7 Rxd7 18. f3 f5 19. Rab1 Ba6 20. e4 Kg7 21.
Kf2 fxe4 22. fxe4 Rf7+ 23. Ke2 Rcf8 24. Rf1 Rxf1 25. Rxf1 Rxf1 26. Kxf1 exd4
27. cxd4 c5 28. Ke2 Kf6 29. Ke3 Ke6 30. h4 h6 31. g4 Kf6 32. e5+ dxe5 33. Ne4+
Ke7 34. dxc5 bxc5 35. Nxc5 Bxc4 36. Ke4 Kd6 37. Nb7+ Ke6 38. Nxa5 Bd5+ 39. Kd3
Bf3 40. g5 hxg5 41. hxg5 Kf5 42. Nc4 Bc6 43. Ke3 Bd5 44. Nb6 Bb7 45. a4 Kxg5
46. Nd7 Kf5 47. Nc5 Bc6 48. a5 g5 49. Nd3 g4 50. Kf2 e4 51. Ne1 Ke5 52. Kg3 Kd4
53. Kxg4 Ke3 54. Kg3 Kd2 55. Ng2 Bb5 56. Kf2 Ba6 57. Ne3 Bb5 58. Ng2 Be2 59.
Ne3 Bd3 60. Ng2 1/2-1/2

[Event "XXIII Festival Magistrale"]
[Site "Robecchetto con Induno ITA"]
[Date "2012.12.27"]
[Round "1"]
[White "Morandi, Daniele"]
[Black "Guidi, Maurizio"]
[Result "0-1"]
[WhiteElo "1929"]
[BlackElo "2031"]
[PlyCount "122"]
[EventDate "2012.12.27"]

1. e4 c5 2. Nf3 Nc6 3. d4 cxd4 4. Nxd4 g6 5. Be2 Bg7 6. Be3 Nf6 7. Nc3 O-O 8.
O-O d5 9. exd5 Nb4 10. d6 Qxd6 11. a3 Nbd5 12. Nxd5 Nxd5 13. c3 Nxe3 14. fxe3
e5 15. Nc2 Qb6 16. Rb1 Rd8 17. Qe1 Bf5 18. Bd1 Rd3 19. Kh1 Rad8 20. e4 Be6 21.
Be2 R3d6 22. Bf3 Rd2 23. Nb4 Bh6 24. Qh4 Bf8 25. Qg5 Bxb4 26. axb4 Qc7 27. h3
Bb3 28. Qe3 a6 29. Rf2 Qd6 30. Kg1 Qd3 31. Qxd3 R8xd3 32. Re1 Kf8 33. Rxd2 Rxd2
34. Re2 Rd1+ 35. Kh2 Ke7 36. g3 Bc4 37. Rc2 Re1 38. Rd2 f5 39. exf5 gxf5 40.
Bxb7 e4 41. b3 e3 42. Rb2 Bd3 43. Bf3 e2 44. Bxe2 Rxe2+ 45. Rxe2+ Bxe2 46. Kg2
Bd1 47. Kf2 Ke6 48. Ke3 Ke5 49. Kd3 Bxb3 50. c4 h5 51. Kc3 Bd1 52. Kd2 Bf3 53.
Ke3 Bg2 54. h4 Bc6 55. Kd3 Ba4 56. Ke3 Bc2 57. Kd2 Bb1 58. Kc3 Be4 59. Kb3 Kd4
60. c5 Bc6 61. Kb2 Kc4 0-1

[Event "XXIII Festival Magistrale"]
[Site "Robecchetto con Induno ITA"]
[Date "2012.12.27"]
[Round "1"]
[White "Petrone, Gianmario"]
[Black "Temi, Walter"]
[Result "1/2-1/2"]
[WhiteElo "1963"]
[BlackElo "2105"]
[PlyCount "42"]
[EventDate "2012.12.27"]

1. e4 e6 2. d4 d5 3. Nc3 Nf6 4. Bg5 dxe4 5. Nxe4 Be7 6. Nxf6+ Bxf6 7. Bxf6 Qxf6
8. Nf3 O-O 9. Bd3 c5 10. O-O cxd4 11. Nxd4 Rd8 12. Nf3 Nc6 13. c3 e5 14. Qc2 g6
15. Be4 Bf5 16. Bxf5 gxf5 17. Rfd1 e4 18. Ne1 Qg6 19. Rxd8+ Rxd8 20. Rd1 Rxd1
21. Qxd1 f4 1/2-1/2

[Event "XXIII Festival Magistrale"]
[Site "Robecchetto con Induno ITA"]
[Date "2012.12.27"]
[Round "1"]
[White "Ranfagni, Stefano"]
[Black "Coppola, Federico"]
[Result "1/2-1/2"]
[WhiteElo "2040"]
[BlackElo "1940"]
[PlyCount "101"]
[EventDate "2012.12.27"]

1. e4 c5 2. Nc3 d6 3. g3 g6 4. Bg2 Bg7 5. d3 Nf6 6. h3 Nc6 7. Be3 O-O 8. Qd2
Nd4 9. Nce2 Ne8 10. c3 Nxe2 11. Nxe2 Rb8 12. O-O b5 13. Bh6 Nc7 14. Bxg7 Kxg7
15. f4 d5 16. Qe3 Qd6 17. f5 Bb7 18. e5 Qb6 19. f6+ exf6 20. exf6+ Kh8 21. Qh6
Rg8 22. Rf4 g5 23. Rf3 Qe6 24. Rf2 Qe3 25. Qh5 Rg6 26. Qf3 Qxf3 27. Rxf3 Re8
28. Rf2 Re3 29. d4 c4 30. a4 Re6 31. axb5 Nxb5 32. Raf1 Rg8 33. g4 h6 34. Ng3
Nd6 35. Nf5 Nxf5 36. Rxf5 Rd8 37. R1f2 Kh7 38. Kh2 Rdd6 39. Kg3 Kg6 40. Re5
Rxf6 41. Rfe2 Rfe6 42. Rxe6+ Rxe6 43. Rxe6+ fxe6 44. Kf2 Kf6 45. Ke3 e5 46.
dxe5+ Kxe5 47. Bf3 Bc6 48. Bd1 Be8 49. Bc2 h5 50. Bd1 hxg4 51. hxg4 1/2-1/2

[Event "XXIII Festival Magistrale"]
[Site "Robecchetto con Induno ITA"]
[Date "2012.12.27"]
[Round "1"]
[White "Ranieri, Fabrizio"]
[Black "Corti, Corrado"]
[Result "1-0"]
[WhiteElo "2304"]
[BlackElo "1979"]
[PlyCount "59"]
[EventDate "2012.12.27"]

1. e4 e5 2. Nf3 d6 3. d4 exd4 4. Nxd4 Nf6 5. Nc3 Be7 6. Be2 O-O 7. O-O Re8 8.
Bg5 h6 9. Be3 Bd7 10. a3 Nc6 11. f4 Nxd4 12. Bxd4 Bc6 13. Bd3 Nh7 14. Bc4 Qd7
15. Qd3 Rad8 16. Rad1 Bf8 17. Nd5 Kh8 18. Rfe1 b5 19. Bb3 Bxd5 20. exd5 Be7 21.
c3 a6 22. Bc2 Nf8 23. Qg3 f6 24. Qh4 Nh7 25. Qh5 Rg8 26. Re3 Rdf8 27. Bf5 Qe8
28. Qxe8 Rxe8 29. Bxh7 Kxh7 30. Rde1 1-0

[Event "XXIII Festival Magistrale"]
[Site "Robecchetto con Induno ITA"]
[Date "2012.12.27"]
[Round "1"]
[White "Razzano, Lorenzo"]
[Black "Dambrauskas, Virginijus"]
[Result "0-1"]
[WhiteElo "1982"]
[BlackElo "2315"]
[PlyCount "69"]
[EventDate "2012.12.27"]

1. g3 d5 2. Bg2 c6 3. d3 e5 4. b3 Nf6 5. e3 Bg4 6. Ne2 Bd6 7. h3 Be6 8. Nd2 Na6
9. a3 Qe7 10. Bb2 O-O-O 11. b4 Kb8 12. c3 c5 13. b5 Nc7 14. c4 d4 15. e4 Nd7
16. Qb3 g6 17. O-O-O f5 18. f4 Ne8 19. Rde1 Nef6 20. exf5 gxf5 21. fxe5 Bxe5
22. Nf3 Qd6 23. Nxe5 Nxe5 24. Nf4 Bf7 25. Qc2 Rhg8 26. Qf2 Nh5 27. Rxe5 Qxe5
28. Qf3 Qe3+ 29. Qxe3 dxe3 30. Be5+ Kc8 31. Nxh5 Bxh5 32. Bd5 Rge8 33. Bf4 Rd7
34. Re1 Bf7 35. Bf3 0-1

[Event "XXIII Festival Magistrale"]
[Site "Robecchetto con Induno ITA"]
[Date "2012.12.28"]
[Round "2"]
[White "Bardone, Lorenzo"]
[Black "Bianchi, Alberto"]
[Result "1/2-1/2"]
[WhiteElo "1924"]
[BlackElo "1977"]
[PlyCount "75"]
[EventDate "2012.12.27"]

1. e4 e5 2. Nf3 Nc6 3. Bb5 a6 4. Bxc6 dxc6 5. O-O f6 6. d4 exd4 7. Nxd4 c5 8.
Nb3 Qxd1 9. Rxd1 Bd6 10. Be3 b6 11. a4 Bb7 12. f3 O-O-O 13. Na3 a5 14. Nb5 Ne7
15. Nd2 Nc6 16. Nc4 Be7 17. Bf4 Rxd1+ 18. Rxd1 Rd8 19. Kf2 Nd4 20. Nca3 Kd7 21.
Nxd4 cxd4 22. Nb5 c5 23. Ke2 g5 24. Bg3 h5 25. h4 Bc6 26. Kd3 Ke6 27. Nc7+ Kf7
28. hxg5 fxg5 29. b3 Kg6 30. Ne6 Rd7 31. Bc7 b5 32. Bxa5 bxa4 33. bxa4 Bxa4 34.
Bb6 Bb5+ 35. Kd2 Bf1 36. Ke1 Bxg2 37. Kf2 Bh3 38. Nxc5 1/2-1/2

[Event "XXIII Festival Magistrale"]
[Site "Robecchetto con Induno ITA"]
[Date "2012.12.28"]
[Round "2"]
[White "Coppola, Federico"]
[Black "Razzano, Lorenzo"]
[Result "0-1"]
[WhiteElo "1940"]
[BlackElo "1982"]
[PlyCount "80"]
[EventDate "2012.12.27"]

1. e4 c5 2. Nf3 Nc6 3. d4 cxd4 4. Nxd4 Nf6 5. Nc3 e5 6. Ndb5 d6 7. Bg5 a6 8.
Na3 b5 9. Nd5 Be7 10. Bxf6 Bxf6 11. c3 O-O 12. Nc2 Rb8 13. Be2 Bg5 14. O-O Ne7
15. Nce3 Bxe3 16. Nxe3 Be6 17. Qd2 Qb6 18. Rfd1 Rfd8 19. Bf3 a5 20. Qd3 Rbc8
21. Nf5 Bxf5 22. exf5 d5 23. Be2 b4 24. cxb4 axb4 25. g4 Rc4 26. Qg3 Rf4 27.
Bf3 b3 28. a4 f6 29. a5 Qb5 30. Qg2 Ra4 31. g5 Rxa1 32. Rxa1 Nxf5 33. gxf6 g6
34. Rd1 Nd4 35. Bh5 Kf7 36. Rc1 Qxa5 37. Qh3 Qd2 38. Rc7+ Kxf6 39. Qh4+ Qg5+
40. Qxg5+ Kxg5 0-1

[Event "XXIII Festival Magistrale"]
[Site "Robecchetto con Induno ITA"]
[Date "2012.12.28"]
[Round "2"]
[White "Dambrauskas, Virginijus"]
[Black "Boschetti, Claudio"]
[Result "1-0"]
[WhiteElo "2315"]
[BlackElo "2138"]
[PlyCount "68"]
[EventDate "2012.12.27"]

1. d4 Nf6 2. c4 e5 3. dxe5 Ng4 4. Nf3 Bc5 5. e3 Nc6 6. Be2 O-O 7. O-O Re8 8.
Nc3 Ngxe5 9. b3 Nxf3+ 10. Bxf3 Ne5 11. Be2 a5 12. Kh1 d6 13. e4 Bd7 14. Bd2 Bc6
15. f3 a4 16. Qc2 axb3 17. axb3 Rxa1 18. Rxa1 Bd4 19. Rd1 Bf2 20. Nd5 Qh4 21.
Ne3 g6 22. Qc1 h5 23. Nd5 Bg3 24. h3 f6 25. Bf4 Bxf4 26. Qxf4 Qxf4 27. Nxf4 Ra8
28. Ne6 Rc8 29. Ra1 Kf7 30. Nd4 Ke7 31. Ra7 g5 32. h4 g4 33. b4 gxf3 34. gxf3
34... Ng6 {phone default} 1-0

[Event "XXIII Festival Magistrale"]
[Site "Robecchetto con Induno ITA"]
[Date "2012.12.28"]
[Round "2"]
[White "Damia, Angelo"]
[Black "Bargeri, Ludovico"]
[Result "1/2-1/2"]
[WhiteElo "2281"]
[BlackElo "2010"]
[PlyCount "98"]
[EventDate "2012.12.27"]

1. e4 e6 2. d4 d5 3. Nc3 Bb4 4. exd5 exd5 5. Qf3 Nc6 6. Bb5 Nge7 7. Bg5 a6 8.
Bxc6+ bxc6 9. Nge2 f6 10. Bf4 O-O 11. O-O Bf5 12. Rac1 Qd7 13. Qg3 Bd6 14. Bxd6
cxd6 15. Nd1 Ng6 16. Ne3 Rfe8 17. Rfe1 Rad8 18. Nf4 Re4 19. Nxf5 Qxf5 20. Rxe4
dxe4 21. Qb3+ d5 22. Nxg6 hxg6 23. Qb6 Qc8 24. c4 Qb8 25. c5 Qa8 26. Qc7 Rb8
27. b3 Qb7 28. Qd6 Re8 29. Rc3 Kf7 30. a3 Re7 31. h4 Qc7 32. b4 Rd7 33. Qxc7
Rxc7 34. Rb3 f5 35. g3 g5 36. hxg5 Kg6 37. a4 Rb7 38. Kf1 Kxg5 39. Ke2 Kg4 40.
Kd2 g5 41. b5 axb5 42. axb5 cxb5 43. c6 Rc7 44. Rxb5 Rxc6 45. Rxd5 Rc4 46. Ke3
Rc3+ 47. Ke2 Rd3 48. Rd8 Ra3 49. d5 Ra2+ 1/2-1/2

[Event "XXIII Festival Magistrale"]
[Site "Robecchetto con Induno ITA"]
[Date "2012.12.28"]
[Round "2"]
[White "Di Chiara, Mauro"]
[Black "Ranfagni, Stefano"]
[Result "1/2-1/2"]
[WhiteElo "1962"]
[BlackElo "2040"]
[PlyCount "44"]
[EventDate "2012.12.27"]

1. Nf3 e6 2. d4 f5 3. c4 Nf6 4. g3 c6 5. Bg2 d5 6. O-O Bd6 7. b3 Qe7 8. Bb2 O-O
9. Nbd2 b6 10. Ne5 Bb7 11. Rc1 Nbd7 12. cxd5 cxd5 13. Ndc4 Rfc8 14. Nxd6 Qxd6
15. Qd3 Qe7 16. Nxd7 Qxd7 17. Qe3 Ba6 18. f3 Rxc1 19. Rxc1 Rc8 20. Kf2 Rxc1 21.
Qxc1 Qc8 22. Qxc8+ Bxc8 1/2-1/2

[Event "XXIII Festival Magistrale"]
[Site "Robecchetto con Induno ITA"]
[Date "2012.12.28"]
[Round "2"]
[White "Marinone, Lucio"]
[Black "Lucchese, Paolo"]
[Result "1/2-1/2"]
[WhiteElo "1977"]
[BlackElo "1958"]
[PlyCount "74"]
[EventDate "2012.12.27"]

1. c4 c5 2. g3 Nc6 3. Bg2 g6 4. Nf3 Bg7 5. Nc3 e5 6. d3 Nge7 7. O-O O-O 8. a3
d6 9. Rb1 a5 10. Bg5 h6 11. Bd2 Be6 12. Ne1 d5 13. cxd5 Nxd5 14. Nc2 a4 15.
Nxd5 Bxd5 16. Bxd5 Qxd5 17. b4 axb3 18. Ne3 Qe6 19. Rxb3 Ra7 20. Nc4 e4 21. Re1
exd3 22. exd3 Qd5 23. Ne3 Qd7 24. Nc2 Rd8 25. Qe2 Qd5 26. Reb1 Ne5 27. Ne1 Nc6
28. Nf3 Kh7 29. Bc1 Rd6 30. Be3 Re6 31. Qd1 Nd4 32. Nxd4 Bxd4 33. Bxd4 cxd4 34.
Rb5 Qd6 35. Rxb7 Qxa3 36. Qf3 Re7 37. Rxa7 Qxa7 1/2-1/2

[Event "XXIII Festival Magistrale"]
[Site "Robecchetto con Induno ITA"]
[Date "2012.12.28"]
[Round "2"]
[White "Santeramo, Domenico"]
[Black "Ranieri, Fabrizio"]
[Result "1-0"]
[WhiteElo "2069"]
[BlackElo "2304"]
[PlyCount "89"]
[EventDate "2012.12.27"]

1. e4 e6 2. d4 d5 3. Nd2 Nf6 4. e5 Nfd7 5. Bd3 c5 6. c3 Nc6 7. Ne2 cxd4 8. cxd4
f6 9. Nf4 Nxd4 10. Qh5+ Ke7 11. exf6+ Nxf6 12. Ng6+ hxg6 13. Qxh8 Kf7 14. O-O
e5 15. Nb3 Nxb3 16. axb3 Bf5 17. Bxf5 gxf5 18. Bg5 Bc5 19. Qh3 Ke6 20. Rad1 Qb6
21. Bxf6 gxf6 22. Rd3 e4 23. Rg3 Rc8 24. Rc3 d4 25. Rc4 Rg8 26. Rfc1 Bd6 27.
Qh7 Rd8 28. g4 Qb5 29. b4 Qe5 30. Rc5 Bxc5 31. Rxc5 Qxc5 32. bxc5 d3 33. Qxf5+
Kf7 34. Qh7+ Kf8 35. Qh6+ Kf7 36. Qd2 Ke6 37. f3 exf3 38. Kf2 Rd4 39. Kxf3 Kd5
40. b4 Kc4 41. h4 Rd5 42. Qa2+ Kd4 43. Qxd5+ Kxd5 44. Ke3 Kc4 45. Kd2 1-0

[Event "XXIII Festival Magistrale"]
[Site "Robecchetto con Induno ITA"]
[Date "2012.12.28"]
[Round "2"]
[White "Siclari, Giovanni"]
[Black "Petrone, Gianmario"]
[Result "0-1"]
[WhiteElo "2007"]
[BlackElo "1963"]
[PlyCount "126"]
[EventDate "2012.12.27"]

1. Nf3 Nf6 2. c4 g6 3. Nc3 Bg7 4. e4 d6 5. d4 O-O 6. Be2 e5 7. O-O exd4 8. Nxd4
Re8 9. f3 Nc6 10. Be3 Nh5 11. Qd2 Nf4 12. Rfd1 Bxd4 13. Bxd4 Nxd4 14. Qxd4 Qg5
15. Bf1 Bd7 16. Kh1 Bc6 17. b4 b6 18. Nd5 Nxd5 19. cxd5 Bb7 20. Re1 a5 21. b5
Bc8 22. a4 Qe5 23. Qxe5 Rxe5 24. f4 Re7 25. Bc4 Bb7 26. Ra3 Rae8 27. Rae3 f6
28. Kg1 Kg7 29. Kf2 h6 30. g3 g5 31. h4 Bc8 32. Kf3 g4+ 33. Kf2 h5 34. Ba2 Bb7
35. Rc3 Kf8 36. Rce3 Ba8 37. R1e2 Bb7 38. Ke1 Ba8 39. Kd2 Bb7 40. Kd3 Ba8 41.
Kd4 Bb7 42. Bb1 Kg7 43. Bd3 Rd8 44. e5 dxe5+ 45. fxe5 Rxd5+ 46. Kc3 Rexe5 47.
Bc4 Rxe3+ 48. Rxe3 Re5 49. Rd3 Re7 50. Kd2 Bc8 51. Rd8 Rd7+ 52. Rxd7+ Bxd7 53.
Ke3 f5 54. Bd5 Kf6 55. Kf4 Be6 56. Bxe6 Kxe6 57. Kg5 Ke5 58. Kxh5 Kf6 59. Kh6
f4 60. Kh7 fxg3 61. h5 g2 62. h6 g1=Q 63. Kg8 Qh2 0-1

[Event "XXIII Festival Magistrale"]
[Site "Robecchetto con Induno ITA"]
[Date "2012.12.28"]
[Round "2"]
[White "Temi, Walter"]
[Black "Montilli, Vincenzo"]
[Result "1/2-1/2"]
[WhiteElo "2105"]
[BlackElo "1909"]
[PlyCount "88"]
[EventDate "2012.12.27"]

1. Nf3 Nf6 2. g3 g6 3. Bg2 Bg7 4. O-O O-O 5. c4 d6 6. Nc3 Nc6 7. d3 e5 8. Rb1
h6 9. b4 Be6 10. b5 Ne7 11. Bb2 Qd7 12. Re1 Bh3 13. Bh1 Nh5 14. d4 Be6 15. dxe5
dxe5 16. Qxd7 Bxd7 17. Na4 f6 18. Nc5 Bc8 19. Rbd1 Re8 20. Nh4 g5 21. Bf3 Nxg3
22. hxg3 gxh4 23. Na6 bxa6 24. Bxa8 axb5 25. cxb5 Be6 26. Bf3 hxg3 27. fxg3 Nf5
28. Bd5 Bf8 29. Bxe6+ Rxe6 30. Kh2 Bc5 31. Rd8+ Kf7 32. Rd7+ Re7 33. Red1 Bd6
34. Rxe7+ Kxe7 35. Rd3 e4 36. Rb3 Ke6 37. Kh3 h5 38. g4 hxg4+ 39. Kxg4 Nh6+ 40.
Kh5 Nf7 41. Bd4 Kd5 42. Bxa7 Ne5 43. Bf2 Nc4 44. Kg4 Ke6 1/2-1/2

[Event "XXIII Festival Magistrale"]
[Site "Robecchetto con Induno ITA"]
[Date "2012.12.28"]
[Round "3"]
[White "Bargeri, Ludovico"]
[Black "Guidi, Maurizio"]
[Result "1-0"]
[WhiteElo "2010"]
[BlackElo "2031"]
[PlyCount "55"]
[EventDate "2012.12.27"]

1. d4 Nf6 2. c4 g6 3. Nc3 Bg7 4. e4 d6 5. Nf3 O-O 6. Be2 e5 7. O-O Nc6 8. Be3
h6 9. d5 Ne7 10. Nd2 Nd7 11. b4 f5 12. f3 a5 13. a3 axb4 14. axb4 Rxa1 15. Qxa1
Nf6 16. c5 Ne8 17. b5 dxc5 18. Bxc5 b6 19. Bb4 Nd6 20. Nc4 Nxc4 21. Bxc4 Kh7
22. Rd1 Rf6 23. Qa3 Bf8 24. d6 cxd6 25. Bxd6 Bd7 26. Bxe5 Nd5 27. Nxd5 Bxa3 28.
Nxf6+ 1-0

[Event "XXIII Festival Magistrale"]
[Site "Robecchetto con Induno ITA"]
[Date "2012.12.28"]
[Round "3"]
[White "Barlocco, Carlo"]
[Black "Morandi, Daniele"]
[Result "1-0"]
[WhiteElo "2077"]
[BlackElo "1929"]
[PlyCount "59"]
[EventDate "2012.12.27"]

1. d4 Nf6 2. Nf3 g6 3. Nc3 Bg7 4. e4 d6 5. Be2 O-O 6. Be3 Nc6 7. Qd2 e5 8. O-O
Ng4 9. Bg5 f6 10. Bh4 Nh6 11. dxe5 Nxe5 12. Nxe5 dxe5 13. Qxd8 Rxd8 14. Nd5 g5
15. Nxc7 Rb8 16. Bg3 f5 17. f3 g4 18. Bc4+ Kh8 19. Rad1 Rd4 20. Rxd4 exd4 21.
Ne8 Ra8 22. Nxg7 Kxg7 23. Be5+ Kg6 24. Rd1 gxf3 25. gxf3 fxe4 26. fxe4 Bg4 27.
Rxd4 Re8 28. Rd6+ Kh5 29. Bg7 Ng8 30. Bf7+ 1-0

[Event "XXIII Festival Magistrale"]
[Site "Robecchetto con Induno ITA"]
[Date "2012.12.28"]
[Round "3"]
[White "Bianchi, Alberto"]
[Black "Coppola, Federico"]
[Result "1/2-1/2"]
[WhiteElo "1977"]
[BlackElo "1940"]
[PlyCount "90"]
[EventDate "2012.12.27"]

1. e4 c5 2. Nf3 d6 3. d4 cxd4 4. Nxd4 Nf6 5. Nc3 g6 6. Be3 Bg7 7. f3 O-O 8. Qd2
Nc6 9. O-O-O d5 10. Kb1 Nxd4 11. Bxd4 dxe4 12. Bxf6 Qxd2 13. Rxd2 Bxf6 14. Nxe4
Bg7 15. Bc4 Rb8 16. Rhd1 b5 17. Be2 h5 18. Nc5 Bf6 19. Nd7 Bxd7 20. Rxd7 a6 21.
a3 Rb6 22. Ra7 Rfb8 23. c3 Kf8 24. Kc2 Ke8 25. f4 R8b7 26. Rxb7 Rxb7 27. Bf3
Rb6 28. b4 e6 29. Kb3 Ke7 30. c4 bxc4+ 31. Kxc4 Rb8 32. Bc6 e5 33. Rd7+ Ke6 34.
fxe5 Bxe5 35. Ra7 Bxh2 36. Bd5+ Ke5 37. Bxf7 Rb6 38. Bd5 Bg1 39. Re7+ Kf4 40.
a4 g5 41. Rh7 h4 42. Rg7 Rf6 43. Rg8 g4 44. a5 Kg3 45. Bb7 Bf2 1/2-1/2

[Event "XXIII Festival Magistrale"]
[Site "Robecchetto con Induno ITA"]
[Date "2012.12.28"]
[Round "3"]
[White "Boschetti, Claudio"]
[Black "Di Chiara, Mauro"]
[Result "1-0"]
[WhiteElo "2138"]
[BlackElo "1962"]
[PlyCount "53"]
[EventDate "2012.12.27"]

1. e4 d6 2. d4 Nf6 3. Nc3 g6 4. Be2 Bg7 5. h4 c5 6. dxc5 Qa5 7. Kf1 Qxc5 8. h5
Nc6 9. h6 Bf8 10. Be3 Qe5 11. Nh3 Bxh3 12. Rxh3 O-O-O 13. a3 e6 14. f4 d5 15.
b4 Qc7 16. Nb5 Qb8 17. e5 Ne4 18. Qd3 Be7 19. c4 f5 20. cxd5 exd5 21. Rc1 a6
22. Na7+ Kc7 23. b5 axb5 24. Qxb5 Nd2+ 25. Bxd2 Qxa7 26. Ba5+ Kc8 27. Rxc6+ 1-0

[Event "XXIII Festival Magistrale"]
[Site "Robecchetto con Induno ITA"]
[Date "2012.12.28"]
[Round "3"]
[White "Corti, Corrado"]
[Black "Bardone, Lorenzo"]
[Result "1/2-1/2"]
[WhiteElo "1979"]
[BlackElo "1924"]
[PlyCount "64"]
[EventDate "2012.12.27"]

1. d4 d5 2. Nf3 Nf6 3. e3 c5 4. Be2 Qc7 5. O-O g6 6. Nbd2 cxd4 7. exd4 Bg7 8.
c3 O-O 9. Bd3 Nc6 10. Re1 Bg4 11. h3 Bxf3 12. Nxf3 Rfe8 13. Bg5 Nd7 14. Qd2 e5
15. dxe5 Ndxe5 16. Nxe5 Bxe5 17. Bb5 a6 18. Ba4 b5 19. Bb3 d4 20. cxd4 Nxd4 21.
Bd5 Rac8 22. Rac1 Qxc1 23. Qxc1 Rxc1 24. Bxc1 Rc8 25. Bh6 Nf5 26. Rxe5 Nxh6 27.
Bb3 Rc1+ 28. Kh2 Rb1 29. Re2 Nf5 30. Rd2 h5 31. g3 Kf8 32. Kg2 Ke7 1/2-1/2

[Event "XXIII Festival Magistrale"]
[Site "Robecchetto con Induno ITA"]
[Date "2012.12.28"]
[Round "3"]
[White "Lucchese, Paolo"]
[Black "Siclari, Giovanni"]
[Result "0-1"]
[WhiteElo "1958"]
[BlackElo "2007"]
[PlyCount "98"]
[EventDate "2012.12.27"]

1. e4 c5 2. Nf3 e6 3. d4 cxd4 4. Nxd4 Nc6 5. Nc3 Qc7 6. Ndb5 Qb8 7. Be3 a6 8.
Bb6 axb5 9. Nxb5 Bb4+ 10. c3 Ba5 11. Nc7+ Qxc7 12. Bxc7 Bxc7 13. Bb5 Nf6 14.
Qe2 h5 15. h3 Ne5 16. a4 b6 17. O-O-O g5 18. Kb1 Bb7 19. f3 Rg8 20. Qd2 Bc6 21.
b3 h4 22. Rhe1 Nh5 23. Kb2 Nf4 24. Bf1 Ke7 25. Qd4 Ra5 26. Qb4+ Kf6 27. Qd4
Rga8 28. Ra1 d5 29. exd5 Rxd5 30. Qe3 Ned3+ 31. Bxd3 Rxd3 32. Qg1 Rd2+ 33. Kb1
Rad8 34. Ra2 Ne2 35. Rxd2 Nxg1 36. Rxd8 Bxd8 37. Rxg1 Ke5 38. Rd1 Bc7 39. Rd4
Bd5 40. Rb4 f5 41. Kc2 Kd6 42. Rd4 e5 43. Rd2 Ke6 44. c4 Bc6 45. Kd3 e4+ 46.
Ke2 exf3+ 47. gxf3 g4 48. hxg4 fxg4 49. fxg4 h3 0-1